| 000 | 00890cam a22002415a 4500 | ||
|---|---|---|---|
| 001 | L157554 | ||
| 008 | 130116s2011 xxkad f 000 0 eng d | ||
| 020 | _a9781904829973 | ||
| 035 | _a(Sirsi) u157554 | ||
| 041 | 0 | _aeng | |
| 050 | 0 | 4 | _a690.24 $2 18 |
| 110 | 2 |
_aBuilding Cost Information Service _91096 |
|
| 245 | 0 | 0 | _aOccupancy costs of specialist school blocks |
| 260 |
_aLondon _bBCIS _c2011 |
||
| 300 |
_a86p. _c30cm. |
||
| 490 | 0 |
_aBCIS Special Report _vAugust 2011 |
|
| 520 | _aProvides current occupancy benchmarks for two specialist school blocks and shows the projected annual occupancy costs for the schemes. Includes projected annual expenditure charts and detailed estimates for individual elements and components. | ||
| 521 | _aAdvanced | ||
| 651 | 4 |
_aUnited Kingdom _y |
|
| 690 |
_aCommercial property _96227 |
||
| 690 |
_aFacilities management _96240 |
||
| 942 | _n0 | ||
| 999 |
_c114835 _d114835 |
||